=LDR 00000nam 2200000 4500 =001 INLIS000000000009107 =005 20130612100929 =008 ***********************************Ind** =035 ##$$0010-061300000009107 =041 ##$$a Ind =082 ##$$a 294.5 =090 ##$$a 294.5, Sua-s =245 ##$$a Suara kaum muda Hindu, editor, Putu Setia =260 ##$$a 1993 $b Jakarta =300 ##$$a vii, 159 hlm, 21 cm =650 ##$$a Hindu dan Sains-Kumpulan karangan =700 ##$$a Setia, Putu =850 ##$$a NBPNMAT